000 00826nam a2200205Ia 4500
003 GCL
008 140319s9999 xx 000 0 ara d
040 _aGCL /
_cGCL
082 0 4 _a301.241
_bهـ ت
100 1 _aهالة عبدالرحمن عبدالعليم الر
245 1 0 _aالتاثيرات الاجتماعية والثقافية للسياحة فى المجتمع المحلى :
_bدراسة فى انثروبولوجيا السياحة /
_cهالة عبدالرحمن عبدالعليم الر
700 1 _aفاروق احمد مصطفى
260 _a[S.N] :
_bوكالة البنا للنشر والتوزيع ،
_c1993
300 _a343 ص ؛
_c24 سم
650 0 4 _aالسياحة
650 0 4 _aالاجتماع
650 0 4 _aالمدن
650 0 4 _aالاجتماع المصرى
942 _2ddc
_cBK
999 _c27982
_d27982